<?xml version="1.0" encoding="UTF-8"?>
<record
    xmlns:xsi="http://www.w3.org/2001/XMLSchema-instance"
    xsi:schemaLocation="http://www.loc.gov/MARC21/slim http://www.loc.gov/standards/marcxml/schema/MARC21slim.xsd"
    xmlns="http://www.loc.gov/MARC21/slim">

  <leader>00725nam a22002412  4500</leader>
  <datafield tag="999" ind1=" " ind2=" ">
    <subfield code="c">17921</subfield>
    <subfield code="d">17921</subfield>
  </datafield>
  <controlfield tag="001">0000019254</controlfield>
  <controlfield tag="003">OSt</controlfield>
  <controlfield tag="005">20191003152757.0</controlfield>
  <controlfield tag="008">101022s         xx           000 0 eng d</controlfield>
  <datafield tag="020" ind1=" " ind2=" ">
    <subfield code="a">1118732298</subfield>
  </datafield>
  <datafield tag="040" ind1=" " ind2=" ">
    <subfield code="a">KABU</subfield>
    <subfield code="c">KABU</subfield>
  </datafield>
  <datafield tag="050" ind1=" " ind2=" ">
    <subfield code="a">P40</subfield>
    <subfield code="b">.W37 2015 c. 2</subfield>
  </datafield>
  <datafield tag="100" ind1="1" ind2=" ">
    <subfield code="a">Wardhaugh, Ronald.</subfield>
  </datafield>
  <datafield tag="245" ind1="1" ind2="3">
    <subfield code="a">An Introduction to sociolinguistics /</subfield>
    <subfield code="c">Ronald Wardhaugh and Janet M. Fuller.</subfield>
  </datafield>
  <datafield tag="250" ind1=" " ind2=" ">
    <subfield code="a">7th  ed.</subfield>
  </datafield>
  <datafield tag="260" ind1=" " ind2=" ">
    <subfield code="a">West Sussex, UK</subfield>
    <subfield code="b">John Wiley &amp; Sons</subfield>
    <subfield code="c">2015.</subfield>
  </datafield>
  <datafield tag="300" ind1=" " ind2=" ">
    <subfield code="a">xvii, 427  p.</subfield>
  </datafield>
  <datafield tag="650" ind1=" " ind2="0">
    <subfield code="a">Sociolinguistics.</subfield>
  </datafield>
  <datafield tag="700" ind1=" " ind2=" ">
    <subfield code="a">Fuller, Janet M.</subfield>
  </datafield>
  <datafield tag="908" ind1=" " ind2=" ">
    <subfield code="a">101022</subfield>
  </datafield>
  <datafield tag="942" ind1=" " ind2=" ">
    <subfield code="2">lcc</subfield>
    <subfield code="c">BK</subfield>
    <subfield code="h">P40</subfield>
    <subfield code="i">.W37 2015 c. 2</subfield>
  </datafield>
  <datafield tag="952" ind1=" " ind2=" ">
    <subfield code="0">0</subfield>
    <subfield code="1">0</subfield>
    <subfield code="2">lcc</subfield>
    <subfield code="7">0</subfield>
    <subfield code="a">KABU</subfield>
    <subfield code="b">KABU</subfield>
    <subfield code="d">2019-10-03</subfield>
    <subfield code="g">3780.15</subfield>
    <subfield code="l">0</subfield>
    <subfield code="o">P40 .W37 2015 c. 2</subfield>
    <subfield code="p">023799</subfield>
    <subfield code="r">2019-10-03 00:00:00</subfield>
    <subfield code="t">c. 2</subfield>
    <subfield code="w">2019-10-03</subfield>
    <subfield code="y">BK</subfield>
  </datafield>
  <datafield tag="952" ind1=" " ind2=" ">
    <subfield code="0">0</subfield>
    <subfield code="1">0</subfield>
    <subfield code="2">lcc</subfield>
    <subfield code="7">0</subfield>
    <subfield code="a">KABU</subfield>
    <subfield code="b">KABU</subfield>
    <subfield code="d">2019-10-03</subfield>
    <subfield code="g">3780.15</subfield>
    <subfield code="l">0</subfield>
    <subfield code="o">P40 .W37 2015 c. 3</subfield>
    <subfield code="p">023800</subfield>
    <subfield code="r">2019-10-03 00:00:00</subfield>
    <subfield code="t">c. 3</subfield>
    <subfield code="w">2019-10-03</subfield>
    <subfield code="y">BK</subfield>
  </datafield>
  <datafield tag="952" ind1=" " ind2=" ">
    <subfield code="0">0</subfield>
    <subfield code="1">0</subfield>
    <subfield code="2">lcc</subfield>
    <subfield code="7">0</subfield>
    <subfield code="a">KABU</subfield>
    <subfield code="b">KABU</subfield>
    <subfield code="d">2019-10-03</subfield>
    <subfield code="g">3780.15</subfield>
    <subfield code="l">1</subfield>
    <subfield code="o">P40 .W37 2015 c. 4</subfield>
    <subfield code="p">023801</subfield>
    <subfield code="r">2022-01-31 00:00:00</subfield>
    <subfield code="s">2022-01-13</subfield>
    <subfield code="t">c. 4</subfield>
    <subfield code="w">2019-10-03</subfield>
    <subfield code="y">BK</subfield>
  </datafield>
  <datafield tag="952" ind1=" " ind2=" ">
    <subfield code="0">0</subfield>
    <subfield code="1">0</subfield>
    <subfield code="2">lcc</subfield>
    <subfield code="7">0</subfield>
    <subfield code="a">KABU</subfield>
    <subfield code="b">KABU</subfield>
    <subfield code="d">2019-10-03</subfield>
    <subfield code="g">3780.15</subfield>
    <subfield code="l">1</subfield>
    <subfield code="o">P40 .W37 2015 c. 5</subfield>
    <subfield code="p">023802</subfield>
    <subfield code="r">2021-03-19 00:00:00</subfield>
    <subfield code="s">2021-03-18</subfield>
    <subfield code="t">c. 5</subfield>
    <subfield code="w">2019-10-03</subfield>
    <subfield code="y">BK</subfield>
  </datafield>
  <datafield tag="952" ind1=" " ind2=" ">
    <subfield code="0">0</subfield>
    <subfield code="1">0</subfield>
    <subfield code="2">lcc</subfield>
    <subfield code="7">0</subfield>
    <subfield code="a">KABU</subfield>
    <subfield code="b">KABU</subfield>
    <subfield code="d">2019-10-03</subfield>
    <subfield code="g">3780.15</subfield>
    <subfield code="l">1</subfield>
    <subfield code="o">P40 .W37 2015 c. 6</subfield>
    <subfield code="p">023803</subfield>
    <subfield code="r">2021-11-03 00:00:00</subfield>
    <subfield code="s">2021-10-12</subfield>
    <subfield code="t">c. 6</subfield>
    <subfield code="w">2019-10-03</subfield>
    <subfield code="y">BK</subfield>
  </datafield>
</record>
